Word Ladder: Animal Sounds Quiz Stats

 Plays Quiz Updated Oct 14, 2016

Challenge
Share
Tweet
Embed
Score 0/60 Timer 05:00
5 Plays Today
Hint Answer % Correct
∼ Pig sound ∼•OINK•
97.5%
∼ Dog sound ∼•BARK•
95.8%
Expensive furMINK
92.3%
Monastery inhabitantMONK
91.4%
∼ Goose sound ∼•HONK•
90.8%
Huge armored vehicleTANK
89.7%
Shortened form of HenryHANK
87%
∼ Cat sound ∼•MEOW•
86.9%
∼ Snake sound ∼•HISS•
86.3%
Listen!HARK
85.4%
∼ Human sound ∼•TALK•
84.2%
∼ Cat sound ∼•PURR•
84%
∼ Lion sound ∼•ROAR•
83.6%
∼ Cow sounds ∼•MOOS•
83.3%
UrinatesPEES
81.5%
Illegal action by a pitcherBALK
81.1%
The right to ____ armsBEAR
81.1%
'____ it going?'HOW'S
80.8%
∼ Wolf sound ∼•HOWL•
80.5%
∼ Dog sound ∼•WOOF•
80.3%
Señorita or mademoiselleMISS
80.2%
∼ Dove sounds ∼•COOS•
78.8%
Sheet of glassPANE
78.8%
Without sinPURE
78.6%
Common growth on tree trunksMOSS
78.3%
Male swineBOAR
77.7%
Sheep's fleeceWOOL
77.5%
∼ Owl sound ∼•HOOT•
77.5%
Destination for Apollo 11MOON
76.9%
Cut an image, in PhotoshopCROP
76.8%
Hint Answer % Correct
Gift toppersBOWS
76.6%
Donkey's footHOOF
76.5%
Where you might hear a chick soundCOOP
75.4%
Having all one's marblesSANE
74.9%
Raise, as a childREAR
74.7%
Type of kick, in footballPUNT
74.4%
Feathered scarvesBOAS
74.2%
Baked dessertsPIES
72.3%
Defeat in competitionBEAT
72%
Type of hit, in baseballBUNT
70.7%
Like points not worth debatingMOOT
70.5%
Awesome!COOL
70.3%
∼ Rooster sound ∼•CROW•
70.1%
'You're putting __ __!'ME ON
70%
∼ Chick sound ∼•PEEP•
69.8%
Whittle downPARE
69.6%
Lancaster or ReynoldsBURT
68.5%
Hooded garmentCOWL
67.5%
Pull a gun from its holsterDRAW
66.9%
Astronaut's beverageTANG
66%
Raymond of 'Perry Mason'BURR
65.3%
HurriesHIES
64.9%
Impudent childBRAT
63%
∼ Made a bird sound ∼•SANG•
62%
'That sticks in my ____!'CRAW
62%
Lawbreaker, to a copPERP
59.8%
∼ Donkey sound ∼•BRAY•
51.8%
Kept in or restrainedPENT
49%
Sassy or flippantPERT
48%
Cart used for haulingDRAY
45.1%

Today's Daily Dose

You're not logged in!

Compare scores with friends on all Sporcle quizzes.
OR
Log In

You Might Also Like...

Show Comments

Extras

Top Quizzes Today


Score Distribution

Your Account Isn't Verified!

In order to create a playlist on Sporcle, you need to verify the email address you used during registration. Go to your Sporcle Settings to finish the process.

Report this User

Report this user for behavior that violates our Community Guidelines.

Details: